000
00322 a2200157 4500
001
58505
020
_a
8503001950
040
_c
Anchieta - Pituba
100
_a
Fontes, Amando
240
1
0
_a
Os corumbas
_l
por
245
1
0
_a
Os corumbas
300
_a
172
362
0
_a
1992
650
4
_a
Ficção brasileira
942
_c
BK
999
_c
58505
_d
58505